000 00436pab a2200169 454500
008 180718b2007 xxu||||| |||| 00| 0 eng d
100 _aMorris, Kate
245 _aWorking with children's existing networks - building better opportunities?
260 _c2007
300 _ap.209-17.
362 _aApr
650 _aChild welfare
700 _aBurford, Gale
773 _aSocial Policy and Society
908 _aN
909 _a75197
999 _c75197
_d75197